000 00463nam a2200169 4500
001 269
005 20230411085953.0
008 060907n1992 dr spa
035 _9funglode270
041 _aES
100 _aPrieto, Indalecio
245 1 _aPalabras al viento /
_cIndalecio Prieto
260 _aBarcelona :
_bFundación Indalecio Prieto; Planeta,
_c1992
300 _a341 p.
440 _aConvulsiones en España ;
_v10
942 _2lcc
_cbk
999 _c110226
_d110226